[Event "Le Touquet op 26th"]
[Site "Le Touquet"]
[Date "2011.10.22"]
[Round "1"]
[White "Payen, Arnaud"]
[Black "De Bonnieres, Philippe"]
[Result "1/2-1/2"]
[WhiteElo "2341"]
[BlackElo "1990"]
[PlyCount "206"]
[EventDate "2011.10.22"]
[EventType "swiss"]
[EventRounds "9"]
[EventCountry "FRA"]
[SourceTitle "EXT 2012"]
[Source "ChessBase"]
[SourceDate "2011.11.24"]
[SourceVersion "1"]
[SourceVersionDate "2011.11.24"]
[SourceQuality "1"]

1. d4 d5 2. c4 dxc4 3. Nf3 c5 4. e3 Nf6 5. Bxc4 e6 6. 0-0 cxd4 7. exd4 Be7 8. Nc3 Nc6 9. a3 0-0 10. Bg5 Nd5 11. Bxd5 Bxg5 12. Bxc6 bxc6 13. Ne4 Be7 14. Rc1 Rb8 15. Qd2 Ba6 16. Rfe1 Qb6 17. Ne5 Qxb2 18. Nxc6 Bxa3 19. Rc2 Qb6 20. Nxb8 Rxb8 21. Nc3 Bb7 22. Rb1 Bb4 23. d5 a5 24. Qc1 h6 25. dxe6 Qxe6 26. f3 Re8 27. Kh1 Ba6 28. Qd1 Qf5 29. Ne4 Bb7 30. Ng3 Qf6 31. Qd7 Re7 32. Qd8+ Kh7 33. Qd3+ Kg8 34. Ne4 Bxe4 35. fxe4 Qe5 36. Rc4 Re6 37. Rf1 Rd6 38. Qb3 Qe6 39. e5 Rd2 40. h3 Qxe5 41. Rc8+ Kh7 42. Qb1+ f5 43. Rxf5 Rd1+ 44. Qxd1 Qxf5 45. Rc4 Qe6 46. Qd3+ Qg6 47. Qf1 Qe6 48. Rc1 Qe4 49. Rd1 h5 50. Qg1 Qe5 51. Qb6 Qe2 52. Qd8 Qe5 53. Qd3+ Kh6 54. Qc2 g6 55. Qc1+ Qg5 56. Qa1 Qe7 57. Qh8+ Qh7 58. Qe5 Qe7 59. Qh8+ Qh7 60. Qb8 Qe7 61. Qf4+ Qg5 62. Qc4 Qc5 63. Qf7 Qe7 64. Qa2 Qe5 65. Qc2 Qf4 66. Qb2 Qf7 67. Qc1+ Kh7 68. Rf1 Qe7 69. Qc4 Kh6 70. Qd5 Qe2 71. Rd1 Qe7 72. Qc4 Qe5 73. Qc1+ Qg5 74. Qb2 Qe7 75. Qf2 Qe5 76. h4 Qe4 77. Kh2 Qg4 78. Rd4 Qf5 79. Qe3+ Kh7 80. Rd8 Qf7 81. Qd4 Qc7+ 82. Kh3 Qc3+ 83. Qxc3 Bxc3 84. Rd7+ Kh6 85. Ra7 Bd2 86. g3 Bb4 87. Ra6 Kg7 88. Kg2 Kf7 89. Kf3 Kg7 90. Ke4 Be1 91. Kf4 Bd2+ 92. Ke5 Bc3+ 93. Ke6 Be1 94. Ra7+ Kh6 95. Kf7 Bxg3 96. Ra6 Bxh4 97. Rxg6+ Kh7 98. Rg1 Kh6 99. Rg6+ Kh7 100. Re6 Bg3 101. Ra6 Be1 102. Re6 Bg3 103. Ra6 Be1 1/2-1/2

[Event "FRA-chT2 0405"]
[Site "France"]
[Date "2004.11.07"]
[Round "3.4"]
[White "De Bonnieres, Philippe"]
[Black "Duhayon, Yves"]
[Result "0-1"]
[WhiteElo "2105"]
[BlackElo "2228"]
[PlyCount "82"]
[EventDate "2004.10.10"]
[EventType "team"]
[EventRounds "11"]
[EventCountry "FRA"]
[SourceTitle "EXT 2006"]
[Source "ChessBase"]
[SourceDate "2005.11.24"]
[SourceVersion "1"]
[SourceVersionDate "2005.11.24"]
[SourceQuality "1"]
[WhiteTeam "Le Touquet"]
[BlackTeam "Bagneux"]
[WhiteTeamCountry "FRA"]
[BlackTeamCountry "FRA"]

1. e4 e5 2. Nf3 Nc6 3. c3 Nf6 4. d4 Nxe4 5. d5 Ne7 6. Nxe5 Ng6 7. Nxg6 hxg6 8. Nd2 Nf6 9. Nf3 Rh5 10. c4 b5 11. Qe2+ Be7 12. d6 cxd6 13. cxb5 a6 14. Bf4 Kf8 15. Qd2 axb5 16. Bd3 Rd5 17. 0-0 b4 18. Rfd1 Ba6 19. Ne1 Qb6 20. Qe2 Bxd3 21. Nxd3 Rda5 22. b3 Nd5 23. Bd2 Bf6 24. Rac1 Rxa2 25. Qf3 Nc3 26. Re1 Re8 27. Be3 Qb5 28. Nf4 g5 29. Nh5 Ne2+ 30. Kh1 Nxc1 31. Nxf6 Nd3 32. Nxe8 Nxe1 33. Qxf7+ Kxf7 34. Nxd6+ Kg6 35. Nxb5 Nc2 36. h3 Rb2 37. Nd6 Nxe3 38. fxe3 Rxb3 39. e4 Rc3 40. e5 b3 41. Ne4 Rc2 0-1

[Event "FRA-chT3 North 0304"]
[Site "France"]
[Date "2003.11.16"]
[Round "3.2"]
[White "De Bonnieres, Philippe"]
[Black "Bourdeaud'Huy, Thomas"]
[Result "1-0"]
[WhiteElo "2122"]
[BlackElo "2054"]
[PlyCount "83"]
[EventDate "2003.11.??"]
[EventType "team"]
[EventRounds "9"]
[EventCountry "FRA"]
[SourceTitle "EXT 2006"]
[Source "ChessBase"]
[SourceDate "2005.11.24"]
[SourceVersion "1"]
[SourceVersionDate "2005.11.24"]
[SourceQuality "1"]
[WhiteTeam "Le Touquet"]
[BlackTeam "Baisieux"]
[WhiteTeamCountry "FRA"]
[BlackTeamCountry "FRA"]

1. e4 g6 2. d4 Bg7 3. c3 d6 4. Bd3 c6 5. Ne2 e5 6. dxe5 dxe5 7. 0-0 Be6 8. Be3 Nf6 9. f3 0-0 10. Na3 Qc7 11. Bc4 Rd8 12. Qb3 Bxc4 13. Qxc4 Na6 14. Rad1 Bf8 15. b4 Kg7 16. Qb3 b6 17. Nc4 b5 18. Nb2 c5 19. c4 Rxd1 20. Rxd1 Rb8 21. cxb5 Rxb5 22. Qc4 Rxb4 23. Qxa6 Rxb2 24. Nc3 Qb6 25. Qc8 Rc2 26. Nd5 Nxd5 27. exd5 Bd6 28. Qh3 Qb7 29. Bh6+ Kg8 30. Qh4 Qe7 31. Bg5 Qd7 32. Bh6 Be7 33. Qe4 Qf5 34. Qxf5 gxf5 35. d6 Bd8 36. Rb1 Bb6 37. d7 Rc1+ 38. Rxc1 f6 39. Rb1 Bc7 40. Rb7 Ba5 41. Rb8+ Kf7 42. d8Q 1-0

[Event "FRA-chT3 North 0304"]
[Site "France"]
[Date "2003.11.15"]
[Round "2.2"]
[White "Waquet, Frederic"]
[Black "De Bonnieres, Philippe"]
[Result "1-0"]
[WhiteElo "2074"]
[BlackElo "2122"]
[PlyCount "51"]
[EventDate "2003.11.??"]
[EventType "team"]
[EventRounds "9"]
[EventCountry "FRA"]
[SourceTitle "EXT 2006"]
[Source "ChessBase"]
[SourceDate "2005.11.24"]
[SourceVersion "1"]
[SourceVersionDate "2005.11.24"]
[SourceQuality "1"]
[WhiteTeam "Chauny St Quentin"]
[BlackTeam "Le Touquet"]
[WhiteTeamCountry "FRA"]
[BlackTeamCountry "FRA"]

1. e4 e5 2. Nc3 Nf6 3. f4 d5 4. fxe5 Nxe4 5. d3 Qh4+ 6. g3 Nxg3 7. Nf3 Qh5 8. Nxd5 Na6 9. Nf4 Qh6 10. Ne2 Nxh1 11. Bxh6 gxh6 12. Bg2 Bg4 13. Bxh1 0-0-0 14. Qd2 Bb4 15. Nc3 f6 16. Qf4 h5 17. 0-0-0 fxe5 18. Qe4 Bd6 19. Nb5 Nc5 20. Nxd6+ cxd6 21. Qe3 Kb8 22. Re1 Rc8 23. d4 exd4 24. Nxd4 Rhf8 25. b4 Na4 26. Qe7 1-0

[Event "FRA-chT2S 0203"]
[Site "France"]
[Date "2003.03.16"]
[Round "9.5"]
[White "De Bonnieres, Philippe"]
[Black "Keller, Christophe"]
[Result "1/2-1/2"]
[WhiteElo "2050"]
[BlackElo "2171"]
[PlyCount "139"]
[EventDate "2002.10.??"]
[EventType "team"]
[EventRounds "11"]
[EventCountry "FRA"]
[SourceTitle "EXT 2004"]
[Source "ChessBase"]
[SourceDate "2003.11.25"]
[SourceVersion "1"]
[SourceVersionDate "2003.11.25"]
[SourceQuality "1"]
[WhiteTeam "Le Touquet"]
[BlackTeam "Clichy II"]
[WhiteTeamCountry "FRA"]
[BlackTeamCountry "FRA"]

1. e4 e6 2. d4 d5 3. Nd2 Nf6 4. e5 Nfd7 5. Bd3 c5 6. c3 Nc6 7. Ne2 cxd4 8. cxd4 f6 9. exf6 Qxf6 10. Nf3 h6 11. 0-0 Bd6 12. Nc3 0-0 13. Be3 g5 14. h3 Qf7 15. Rc1 Nf6 16. Bb1 Nh5 17. Ne2 Bd7 18. Qc2 Nb4 19. Qg6+ Qxg6 20. Bxg6 Be8 21. Bxe8 Rfxe8 22. a3 Nd3 23. Rc2 Rac8 24. Rd2 Ndf4 25. h4 Rc7 26. g3 Rg7 27. hxg5 hxg5 28. Rc1 g4 29. Ne1 Nh3+ 30. Kg2 Ng5 31. Rdc2 Ne4 32. Nd3 Ree7 33. Nef4 Nxf4+ 34. Bxf4 Rgf7 35. Ne5 Bxe5 36. Bxe5 Kh7 37. Rh1+ Kg6 38. Rh8 Rh7 39. Rg8+ Kf5 40. Rf8+ Ref7 41. Rxf7+ Rxf7 42. Rc7 Rxc7 43. Bxc7 Nd2 44. Ba5 Nf3 45. Bc3 Ke4 46. Kf1 Nxd4 47. Ke1 Nf3+ 48. Ke2 d4 49. Bb4 e5 50. a4 d3+ 51. Kd1 Kd5 52. b3 Nd4 53. Kd2 Ke4 54. Kc3 Kf3 55. Kxd3 Kxf2 56. Bd6 Nxb3 57. Kc3 Nd4 58. Bxe5 Ne2+ 59. Kb4 Kf3 60. Bb8 Nxg3 61. Bxa7 Ne4 62. Bb8 Nf6 63. Kb5 Nd7 64. Bc7 Ke4 65. a5 Kd5 66. Bg3 Ne5 67. Kb6 Nc4+ 68. Kb5 Nxa5 69. Kxa5 Ke4 70. Kb6 1/2-1/2

[Event "Le Touquet op 16th"]
[Site "Le Touquet"]
[Date "2001.10.29"]
[Round "4"]
[White "De Bonnieres, Philippe"]
[Black "Pelle, Guillaume"]
[Result "0-1"]
[WhiteElo "1980"]
[BlackElo "2254"]
[PlyCount "72"]
[EventDate "2001.10.27"]
[EventType "swiss"]
[EventRounds "9"]
[EventCountry "FRA"]
[SourceTitle "EXT 2002"]
[Source "ChessBase"]
[SourceDate "2001.11.25"]
[SourceVersion "1"]
[SourceVersionDate "2001.11.25"]
[SourceQuality "1"]

1. e4 c5 2. c3 Nf6 3. e5 Nd5 4. d4 cxd4 5. cxd4 d6 6. Nf3 Nc6 7. exd6 Qxd6 8. Nc3 g6 9. Bc4 Nb6 10. Bb3 Bg7 11. Be3 0-0 12. h3 Be6 13. Bxe6 Qxe6 14. 0-0 Nb4 15. Qc1 Nc4 16. d5 Nxd5 17. Nxd5 Qxd5 18. Rd1 Qc6 19. Nd4 Qa6 20. Bh6 Bxh6 21. Qxh6 Qf6 22. b3 Nd6 23. Rac1 Rac8 24. Nf3 Nf5 25. Qf4 Qb2 26. g4 Rxc1 27. Rxc1 e5 28. Nxe5 Nd4 29. Nd3 Ne2+ 30. Kh2 Qxc1 31. Qxc1 Nxc1 32. Nxc1 Rc8 33. Nd3 Rc2 34. a4 Rd2 35. Nc5 Rxf2+ 36. Kg3 Rb2 0-1